000 00787nam a2200229Ia 4500
003 GCL
005 20240530101807.0
008 140319s9999 xx 000 0 ara d
040 _aGCL /
_cGCL
082 0 4 _a301.1\
_bد ت
100 1 _aدوفينو، جان
245 1 0 _aتكون الاهواء فى الحياه الاجتماعية /
_cدوفينو، جان
260 _a[S.N] :
_bالمؤسسة الجامعية للدراسات والنشر والتوزيع ،
_c1993
300 _a285 ص
650 0 4 _aعلم النفس
650 0 4 _aالعلاقات الانسانية
650 0 4 _aالتحليل النفسى
650 0 4 _aعلم النفس الاجتماعى
650 0 4 _aالقياس الاجتماعى
700 1 _aمنصور القاضى
942 _2ddc
_cBK
999 _c27739
_d27739